Desarrollo regional en Sudamérica : investigaciones y aportes multidisciplinarios /

Guardado en:
Otros Autores: Guerrero, Ana Lía del Valle., De Batista, Marianela., Estrada, María Emilia.
Formato: Libro
Idioma:Spanish
Publicado: Bahía Blanca : EdiUNS, c2019.
Series:Serie Extensión. Colección Estudios sociales y humanidades
Materias:
Acceso en línea:Acceso a texto completo
Etiquetas: Agregar Etiqueta
Sin Etiquetas, Sea el primero en etiquetar este registro!
LEADER 02840nam a2200289 a 4500
001 EAD.ead004485
008 210325s2019####ag######sb####100#0#spa#d
005 20210325222545.0
245 0 0 |a Desarrollo regional en Sudamérica :  |b investigaciones y aportes multidisciplinarios /  |c Ana Lía Guerrero, Marianela De Batista, María Emilia Estrada, coordinadoras. 
260 |a Bahía Blanca :  |b EdiUNS,  |c c2019. 
300 |a 269 p. ;  |c 23 cm. 
490 1 |a Serie Extensión. Colección Estudios sociales y humanidades 
505 0 |a Introducción -- Parte 1: La presión urbanizadora en las áreas periurbanas / María Isabel Montañez Parra -- Territorios litorales y costeros : identidad y paisaje / Mercedes Medina, María Jorge Dos Santos, Leonardo Altman Maccio -- ¿Crecimiento o desarrollo territorial rural? Situación de los trabajadores / Juan Romero -- O desafio brasileiro da promoçao do direito á cidade : a implementaçao do estatuto da cidade nas ciudades médias do Rio Grande do Sul / Rogerio Leandro Lima da Silveira, Fernanda Teixeira Jardim -- Subsidios à construçao de diretrizes metodológicas para o ordenamento territorial de bacias hidrográficas / Elfany Reis do Nascimento Lopez, José Luiz Albuquerque Filho -- Infraestructura regional y disputas espaciales. Estudio de las transformaciones logísticas en el Paraná medio / Álvaro Álvarez -- Parte 2: Geopolítica y territorio. Territorialidades multiescalares emergentes como obstáculos a la integración gasífera sudamericana / Ana Lía Guerrero -- Argentina en el vaivén de la integración energética sudamericana entre los siglos XX y XXI / Silvina Cecilia Carrizo -- Hidrocarburos no convencionales en la cuenca neuquina. Luces y sombras en la segunda década del siglo XXI / Susana Graciela Landriscini -- Aprovechamiento de recursos hidrocarburíferos y transformaciones territoriales en la provincia de Neuquén / María Sofía Villalba -- Generación eléctrica distribuida : nuevas fuentes, actores e interacciones. Iniciativas en la pampa argentina / Luciana Vanesa Clementi, Guillermina Jacinto, Ada Graciela Nogar -- Sobre los autores. 
504 |a Incluye referencias bibliográficas. 
530 |a También disponible en formato digital. 
020 |z 9789876552288 
700 1 |a Guerrero, Ana Lía del Valle. 
700 1 |a De Batista, Marianela. 
700 1 |a Estrada, María Emilia. 
830 0 |a Serie Extensión.  |p Colección Estudios sociales y humanidades 
082 0 4 |a 338.9  |2 21 
082 0 4 |a 918  |2 15 
650 7 |a Desarrollo regional.  |2 unbist 
651 7 |a Argentina.  |2 unbist 
651 7 |a América Latina.  |2 unbist 
856 4 0 |3 Acceso a texto completo  |u https://ediuns.com.ar/producto/desarrollo-regional-en-sudamerica-investigaciones-y-aportes-multidisciplinarios/ 
859 |a AR-BaBDC  |b BIB. ADMINISTRACION - Libros  |h 338.9  |i G937-1  |p b07126